00971cam a2200253 a 450000100100000000500170001000800410002703500190006804000350008708200190012210000360014124500970017726000490027430000280032349000110035150400790036250400770044158600400051860000440055865000210060265000330062370000250065683000360068100001802920200929165325.0910725s1989 cu a b 001 0bspa  a(DLC) 91176609 aDO-SdBNPbspacDLCdDLCdBNPHU a834.914bB243v1 aBarckhausen, Christiane,d1942-10aVerdad y leyenda de Tina Modotti /cChristiane Barckhausen-Canale ; edición César Ramos. aLa Habana :bCasa de las Américas,cc1989. a349 p. :bil. ;c23 cm.1 aEnsayo a"Fotografías y escritos de Tina Modotti publicados en vida": p. 330-332. aIncluye referencias bibliográficas (p. 333-336) e índice de nombres. aPremio Casa de las Américas 1988.10aMODOTTI, TINA,d1896-1942.xBIOGRAFÍA 4aEnsayos alemanes 4aLiteratura alemanaySIGLO XX1 aRamos, César,eed. 0aEnsayo (Casa de las Américas)